000 00573nam a2200193Ia 4500
005 20250508160053.0
008 008 250505s9999 xx 000 0 eng d
037 _aTextual
040 _aFEDL
_beng
_cFEDL
041 _aeng
_2eng
084 _a378.1, MCV
_qFEDL
100 _aMcVey Frank L
_992957
245 0 _aProblems of college and university administration
260 _aAmes, USA
_bThe Iowa State University Press
_c1952
300 _axiii,326p.
700 _a Hughes Raymond M
_9767899
942 _cTEXL
_h378.1, MCV
999 _c1361499
_d1361499